عرض عادي
عرض مارك
- القمش، مصطفى نوري
مدخل إسم شخص
001 - رقم الضبط
- حقل الضبط: 103723
003 - معرف رقم الضبط
- حقل الضبط: OSt
005 - تاريخ ووقت أخر عملية
- حقل الضبط: 20220925104105.0
008 - عناصر بيانات ثابتة الطول
- حقل تحكم ثابت الطول: 220925|| aca||aabn | a|a d
040 ## - مصدر الفهرسة
- هيئة الفهرسة الأصلية: OSt
- وكالة الكتابة: OSt
100 ## - مدخل -- أسم شخص
- إسم شخص: القمش، مصطفى نوري
670 ## - بيانات المصدر موجوده
- الاستشهاد بالمصدر: Work cat.: (OSt)83048: القمش، مصطفى نوري, مناهج وأساليب تعليم الموهوبين :, 2015
